[Event "Tradewise Gibraltar Masters 16th"]
[Site "Gibraltar"]
[Date "2018.01.23"]
[Round "1.22"]
[White "Iturrizaga Bonelli, Eduardo"]
[Black "Garcia Martin, Marta"]
[Result "1/2-1/2"]
[WhiteElo "2650"]
[BlackElo "2323"]
[PlyCount "53"]
[EventDate "2018.01.23"]
[EventType "swiss"]
[EventRounds "10"]
[EventCountry "GGB"]
[SourceTitle "BritBase"]
[Source "www.saund.co.uk"]
[SourceDate "2018.02.10"]
[SourceVersion "1"]
[SourceVersionDate "2018.02.10"]
[SourceQuality "1"]

1. c4 e6 2. g3 d5 3. Bg2 Nf6 4. Nf3 dxc4 5. Na3 c5 6. Ne5 Be7 7. O-O O-O 8.
Naxc4 Qc7 9. d3 Nd5 10. Bd2 Nd7 11. Nxd7 Bxd7 12. a4 Bc6 13. Qb3 b6 14. Rfd1 e5
15. e4 Nf6 16. Bc3 Bd6 17. Qa3 a5 18. f4 Nd7 19. f5 Be7 20. h4 Rad8 21. Qb3 Bb7
22. Kh2 Ba6 23. Kh3 Bxc4 24. Qxc4 Nb8 25. Rg1 Nc6 26. g4 Nd4 27. Rae1 1/2-1/2

[Event "Tradewise Gibraltar Masters 16th"]
[Site "Gibraltar"]
[Date "2018.01.23"]
[Round "1.23"]
[White "Sadhwani, Raunak"]
[Black "Akobian, Varuzhan"]
[Result "1/2-1/2"]
[WhiteElo "2321"]
[BlackElo "2647"]
[PlyCount "100"]
[EventDate "2018.01.23"]
[EventType "swiss"]
[EventRounds "10"]
[EventCountry "GGB"]
[SourceTitle "BritBase"]
[Source "www.saund.co.uk"]
[SourceDate "2018.02.10"]
[SourceVersion "1"]
[SourceVersionDate "2018.02.10"]
[SourceQuality "1"]

1. e4 c6 2. d4 d5 3. Nc3 dxe4 4. Nxe4 Bf5 5. Ng3 Bg6 6. h4 h6 7. Nf3 Nd7 8. h5
Bh7 9. Bd3 Bxd3 10. Qxd3 e6 11. Bd2 Ngf6 12. O-O-O Be7 13. Ne4 Nxe4 14. Qxe4
Nf6 15. Qd3 Qb6 16. Qe2 a5 17. Rh3 a4 18. a3 Qa6 19. Qxa6 Rxa6 20. Ne5 O-O 21.
g4 Ne4 22. Be3 Rd8 23. f3 Nd6 24. Rhh1 f6 25. Ng6 Kf7 26. Bd2 Nc4 27. Nxe7 Kxe7
28. Bb4+ Kf7 29. Rhe1 Raa8 30. Bc3 Rd5 31. Re2 Re8 32. Rde1 Nd6 33. Re3 Nb5 34.
Re4 b6 35. R1e2 Rd6 36. Re1 Rd5 37. R1e2 Rd7 38. Re1 Rd6 39. Kb1 Red8 40. Kc1
Nxd4 41. Bxd4 Rxd4 42. Rxe6 Rd1+ 43. Rxd1 Rxd1+ 44. Kxd1 Kxe6 45. Kd2 f5 46.
Ke3 Ke5 47. b3 b5 48. bxa4 bxa4 49. c3 c5 50. c4 Kf6 1/2-1/2

[Event "Tradewise Gibraltar Masters 16th"]
[Site "Gibraltar"]
[Date "2018.01.23"]
[Round "1.24"]
[White "Grandelius, Nils"]
[Black "Perez Garcia, Rodney Oscar"]
[Result "1-0"]
[WhiteElo "2647"]
[BlackElo "2320"]
[PlyCount "39"]
[EventDate "2018.01.23"]
[EventType "swiss"]
[EventRounds "10"]
[EventCountry "GGB"]
[SourceTitle "BritBase"]
[Source "www.saund.co.uk"]
[SourceDate "2018.02.10"]
[SourceVersion "1"]
[SourceVersionDate "2018.02.10"]
[SourceQuality "1"]

1. d4 d5 2. c4 c6 3. Nf3 Nf6 4. Nc3 dxc4 5. a4 e6 6. e3 c5 7. Bxc4 Nc6 8. O-O
cxd4 9. Nxd4 Qc7 10. Ncb5 Qb8 11. e4 Ne5 12. Bf4 a6 13. Rc1 axb5 14. Bxb5+ Bd7
15. Bxd7+ Nfxd7 16. Nb5 Ra5 17. Nc7+ Kd8 18. Qd2 Rc5 19. Bxe5 Rxe5 20. Rfd1 1-0

[Event "Tradewise Gibraltar Masters 16th"]
[Site "Gibraltar"]
[Date "2018.01.23"]
[Round "1.25"]
[White "Lopez Mulet, Inigo"]
[Black "Sethuraman, SP."]
[Result "0-1"]
[WhiteElo "2318"]
[BlackElo "2646"]
[PlyCount "102"]
[EventDate "2018.01.23"]
[EventType "swiss"]
[EventRounds "10"]
[EventCountry "GGB"]
[SourceTitle "BritBase"]
[Source "www.saund.co.uk"]
[SourceDate "2018.02.10"]
[SourceVersion "1"]
[SourceVersionDate "2018.02.10"]
[SourceQuality "1"]

1. c4 e5 2. Nc3 Bb4 3. Nd5 Bc5 4. Nf3 c6 5. Nc3 d6 6. e3 Qe7 7. d4 exd4 8. Nxd4
Nf6 9. Be2 O-O 10. O-O Rd8 11. b3 d5 12. cxd5 Bb4 13. Qc2 Bxc3 14. Qxc3 Nxd5
15. Qc2 Nb4 16. Qc3 c5 17. Nf3 Nd5 18. Qe5 Be6 19. Bb2 f6 20. Qg3 Nc6 21. e4
Ndb4 22. e5 f5 23. Bc1 Rd7 24. Bg5 Qe8 25. Rfc1 Rc8 26. a3 Nd5 27. Bf1 Qf8 28.
Bf4 Nxf4 29. Qxf4 Nd4 30. Rd1 Rcd8 31. Nxd4 Rxd4 32. Rxd4 Rxd4 33. Qf3 Qe7 34.
Rc1 b6 35. h3 h6 36. Bd3 Qg5 37. Rc3 Qd2 38. Bc4 Qe1+ 39. Kh2 Qxe5+ 40. g3 Bxc4
41. Rxc4 Kh7 42. h4 Qe4 43. Qc3 Qe2 44. Qc2 Qe4 45. Qc1 Qf3 46. Rxd4 Qxf2+ 47.
Kh3 cxd4 48. Qd1 Qe3 49. Qc2 d3 50. Qc8 Qf3 51. Kh2 d2 0-1

[Event "Tradewise Gibraltar Masters 16th"]
[Site "Gibraltar"]
[Date "2018.01.23"]
[Round "1.26"]
[White "Banusz, Tamas"]
[Black "Povah, Nigel E"]
[Result "1-0"]
[WhiteElo "2641"]
[BlackElo "2310"]
[PlyCount "65"]
[EventDate "2018.01.23"]
[EventType "swiss"]
[EventRounds "10"]
[EventCountry "GGB"]
[SourceTitle "BritBase"]
[Source "www.saund.co.uk"]
[SourceDate "2018.02.10"]
[SourceVersion "1"]
[SourceVersionDate "2018.02.10"]
[SourceQuality "1"]

1. Nf3 d5 2. g3 Bg4 3. Bg2 c6 4. O-O Nd7 5. h3 Bh5 6. d4 e6 7. c4 Bd6 8. Qb3
Rb8 9. Nc3 Ngf6 10. Nd2 O-O 11. e4 dxe4 12. Ndxe4 Nxe4 13. Nxe4 Bc7 14. Bg5 f6
15. Bd2 a5 16. Rfe1 Bf7 17. Rad1 b5 18. cxb5 cxb5 19. Nc5 e5 20. Bd5 a4 21.
Bxf7+ Rxf7 22. Qf3 exd4 23. Ne6 Qc8 24. Qd5 Ne5 25. Bb4 Rd7 26. Qe4 Bb6 27. Nf8
Rd8 28. Qxh7+ Kf7 29. Rxe5 fxe5 30. Qg6+ Kg8 31. Ne6 Rb7 32. Ng5 Bc5 33. Bxc5
1-0

[Event "Tradewise Gibraltar Masters 16th"]
[Site "Gibraltar"]
[Date "2018.01.23"]
[Round "1.27"]
[White "Goriatchkin, Jouri"]
[Black "Bosiocic, Marin"]
[Result "1-0"]
[WhiteElo "2310"]
[BlackElo "2628"]
[PlyCount "69"]
[EventDate "2018.01.23"]
[EventType "swiss"]
[EventRounds "10"]
[EventCountry "GGB"]
[SourceTitle "BritBase"]
[Source "www.saund.co.uk"]
[SourceDate "2018.02.10"]
[SourceVersion "1"]
[SourceVersionDate "2018.02.10"]
[SourceQuality "1"]

1. d4 d5 2. c4 e6 3. Nf3 a6 4. Bg5 Be7 5. Bxe7 Qxe7 6. Nbd2 Nf6 7. e3 O-O 8.
Bd3 Nc6 9. O-O Rd8 10. Qb1 Nb4 11. a3 Nxd3 12. Qxd3 Bd7 13. Rfc1 Be8 14. Qb3
Rab8 15. cxd5 exd5 16. Ne5 c6 17. Qb6 Kh8 18. Rc3 Ng8 19. Nd3 Nh6 20. Nc5 Nf5
21. a4 Nd6 22. Rb3 f6 23. f3 Bg6 24. Re1 Re8 25. e4 dxe4 26. fxe4 Rbd8 27. e5
fxe5 28. Rxe5 Qf6 29. Rf3 Qh4 30. Ne6 Rd7 31. Nf8 Rxe5 32. dxe5 Qe1+ 33. Rf1
Qxd2 34. Nxd7 Nf7 35. Qd8+ 1-0

[Event "Tradewise Gibraltar Masters 16th"]
[Site "Gibraltar"]
[Date "2018.01.23"]
[Round "1.28"]
[White "Georgiev, Kiril"]
[Black "Rapport, Jovana"]
[Result "1-0"]
[WhiteElo "2623"]
[BlackElo "2305"]
[PlyCount "129"]
[EventDate "2018.01.23"]
[EventType "swiss"]
[EventRounds "10"]
[EventCountry "GGB"]
[SourceTitle "BritBase"]
[Source "www.saund.co.uk"]
[SourceDate "2018.02.10"]
[SourceVersion "1"]
[SourceVersionDate "2018.02.10"]
[SourceQuality "1"]

1. Nf3 Nf6 2. g3 b6 3. Bg2 Bb7 4. O-O g6 5. d4 Bg7 6. c4 O-O 7. d5 Na6 8. Nc3
Nc5 9. Be3 e6 10. Rc1 exd5 11. cxd5 d6 12. b4 Nce4 13. Nxe4 Nxe4 14. Qd3 Re8
15. Nd4 Nf6 16. Bd2 Qd7 17. Nb5 Rec8 18. e4 a6 19. Nd4 a5 20. b5 Re8 21. Rc2
Qd8 22. Rfc1 Nd7 23. Rxc7 Nc5 24. R7xc5 bxc5 25. Nc6 Bxc6 26. dxc6 a4 27. Bh3
Qc7 28. Rb1 Bd4 29. Bd7 Reb8 30. a3 Ra7 31. Kg2 Qd8 32. Bg4 Rb6 33. h4 Qf6 34.
Bf4 Qd8 35. Bg5 Qb8 36. Bd2 Qe8 37. h5 Qe7 38. hxg6 hxg6 39. Bd1 Qe6 40. Be3
Bxe3 41. Qxe3 f6 42. Be2 Rh7 43. Rh1 Rxh1 44. Kxh1 Kg7 45. Kg2 Rb8 46. Qf4 c4
47. Bg4 Qe7 48. e5 dxe5 49. Qxc4 f5 50. Be2 Qa7 51. Qd5 Qc7 52. Bc4 Kf6 53. Qc5
Kg7 54. f4 exf4 55. Qd4+ Kh7 56. Qxf4 Qa7 57. Qd6 Rc8 58. b6 Qg7 59. b7 Qb2+
60. Kf3 Rh8 61. Bf7 Qc3+ 62. Kf4 Qc1+ 63. Ke5 Qc3+ 64. Ke6 Rf8 65. Ke7 1-0

[Event "Tradewise Gibraltar Masters 16th"]
[Site "Gibraltar"]
[Date "2018.01.23"]
[Round "1.29"]
[White "De Haan, Eric"]
[Black "Edouard, Romain"]
[Result "0-1"]
[WhiteElo "2304"]
[BlackElo "2613"]
[PlyCount "76"]
[EventDate "2018.01.23"]
[EventType "swiss"]
[EventRounds "10"]
[EventCountry "GGB"]
[SourceTitle "BritBase"]
[Source "www.saund.co.uk"]
[SourceDate "2018.02.10"]
[SourceVersion "1"]
[SourceVersionDate "2018.02.10"]
[SourceQuality "1"]

1. d4 Nf6 2. c4 e6 3. Nc3 Bb4 4. e3 d5 5. a3 Bxc3+ 6. bxc3 c5 7. cxd5 exd5 8.
Bd3 O-O 9. Ne2 b6 10. O-O Ba6 11. f3 Re8 12. Bxa6 Nxa6 13. Ng3 Nc7 14. Qd3 Ne6
15. Bb2 Rc8 16. Rae1 Qc7 17. Rf2 h5 18. Qd1 g6 19. Rd2 c4 20. Bc1 h4 21. Nh1
Nh5 22. Nf2 f5 23. Rde2 Re7 24. Rf1 Rce8 25. Ree1 Qd6 26. e4 Nef4 27. Bxf4 Nxf4
28. Qd2 g5 29. exf5 Re2 30. Rxe2 Rxe2 31. Qd1 Qxa3 32. Re1 Qb2 33. Rxe2 Qxe2
34. g3 Qxd1+ 35. Nxd1 a5 36. gxf4 gxf4 37. Nf2 a4 38. Ng4 a3 0-1

[Event "Tradewise Gibraltar Masters 16th"]
[Site "Gibraltar"]
[Date "2018.01.23"]
[Round "1.30"]
[White "Gledura, Benjamin"]
[Black "Merario Alarcon, Andres"]
[Result "1-0"]
[WhiteElo "2612"]
[BlackElo "2298"]
[PlyCount "79"]
[EventDate "2018.01.23"]
[EventType "swiss"]
[EventRounds "10"]
[EventCountry "GGB"]
[SourceTitle "BritBase"]
[Source "www.saund.co.uk"]
[SourceDate "2018.02.10"]
[SourceVersion "1"]
[SourceVersionDate "2018.02.10"]
[SourceQuality "1"]

1. Nf3 d5 2. g3 Nf6 3. Bg2 c5 4. O-O e6 5. c4 d4 6. e3 Nc6 7. d3 Bd6 8. exd4
cxd4 9. a3 a5 10. Bg5 h6 11. Bxf6 Qxf6 12. Nbd2 Qe7 13. Re1 O-O 14. Rc1 Rd8 15.
Ne4 Bc7 16. c5 Bd7 17. Qe2 a4 18. Nfd2 f5 19. Nd6 Bxd6 20. cxd6 Qxd6 21. Nc4
Qc7 22. Bxc6 Qxc6 23. Ne5 Qd5 24. Nxd7 Rxd7 25. Qxe6+ Qxe6 26. Rxe6 Ra5 27. Rb6
f4 28. Kg2 fxg3 29. hxg3 Rf5 30. Rc4 Re7 31. Rc2 Rd7 32. Rc4 Re7 33. f4 Re2+
34. Kh3 Rh5+ 35. Kg4 Rhh2 36. Rxb7 Re3 37. Rcc7 h5+ 38. Kf5 Rxg3 39. Rb8+ Kh7
40. Rcc8 1-0

[Event "Tradewise Gibraltar Masters 16th"]
[Site "Gibraltar"]
[Date "2018.01.23"]
[Round "1.31"]
[White "De Francesco, Klaus"]
[Black "Gupta, Abhijeet"]
[Result "0-1"]
[WhiteElo "2287"]
[BlackElo "2610"]
[PlyCount "100"]
[EventDate "2018.01.23"]
[EventType "swiss"]
[EventRounds "10"]
[EventCountry "GGB"]
[SourceTitle "BritBase"]
[Source "www.saund.co.uk"]
[SourceDate "2018.02.10"]
[SourceVersion "1"]
[SourceVersionDate "2018.02.10"]
[SourceQuality "1"]

1. e4 c5 2. d4 cxd4 3. c3 dxc3 4. Nxc3 Nc6 5. Nf3 e6 6. Bc4 a6 7. O-O Nge7 8.
Bg5 f6 9. Be3 Ng6 10. Bb3 Bb4 11. Nd4 Na5 12. f4 Bxc3 13. bxc3 O-O 14. f5 Ne5
15. fxe6 Nxb3 16. Qxb3 dxe6 17. Nxe6 Bxe6 18. Qxe6+ Rf7 19. Bd4 Nc6 20. Rad1
Qe8 21. Qg4 Qd7 22. Qg3 Qe6 23. a4 Rd8 24. Rfe1 Rfd7 25. Rb1 Kh8 26. e5 f5 27.
Rb6 Re8 28. Reb1 Qf7 29. h3 h6 30. Kh2 Re6 31. Qf3 Kg8 32. Kh1 Rg6 33. Qh5 Kh7
34. Qf3 Nxd4 35. cxd4 Rxd4 36. Rxb7 Qe6 37. R7b6 Qxe5 38. Rxg6 Kxg6 39. Rb6+
Kh7 40. Qh5 Re4 41. Qg6+ Kh8 42. Rb1 Rxa4 43. Rc1 Ra1 44. Rxa1 Qxa1+ 45. Kh2
Qe5+ 46. Kh1 a5 47. Qc6 Kh7 48. Kg1 Qd4+ 49. Kf1 a4 50. Qb5 Qf4+ 0-1

[Event "Tradewise Gibraltar Masters 16th"]
[Site "Gibraltar"]
[Date "2018.01.23"]
[Round "1.32"]
[White "Vocaturo, Daniele"]
[Black "Mannion, Stephen R"]
[Result "1/2-1/2"]
[WhiteElo "2609"]
[BlackElo "2285"]
[PlyCount "101"]
[EventDate "2018.01.23"]
[EventType "swiss"]
[EventRounds "10"]
[EventCountry "GGB"]
[SourceTitle "BritBase"]
[Source "www.saund.co.uk"]
[SourceDate "2018.02.10"]
[SourceVersion "1"]
[SourceVersionDate "2018.02.10"]
[SourceQuality "1"]

1. d4 d5 2. Nf3 Nf6 3. c4 dxc4 4. e3 Bg4 5. Bxc4 e6 6. Nc3 c5 7. Qa4+ Nbd7 8.
Ne5 cxd4 9. exd4 a6 10. Nxg4 Nxg4 11. Be2 Ngf6 12. Bf3 Qb6 13. O-O Bd6 14. d5
e5 15. Ne4 Nxe4 16. Bxe4 Qb4 17. Qc2 Nf6 18. Bf5 h6 19. Rd1 O-O 20. Be3 Rfe8
21. Rac1 Rad8 22. a3 Qb5 23. Bd3 Qd7 24. Bf5 Qb5 25. a4 Qa5 26. Qc4 Qb4 27. b3
Bf8 28. f3 b5 29. axb5 axb5 30. Qxb4 Bxb4 31. Bc5 Bxc5+ 32. Rxc5 Rd6 33. Rxb5
Red8 34. Be4 g6 35. b4 Kg7 36. Rc5 Rb6 37. b5 Nd7 38. Rc7 Nf6 39. Rc5 Nd7 40.
Rc6 Rxb5 41. d6 Nf6 42. Bc2 Rb4 43. Ra6 Rb2 44. Bb1 Rd7 45. Rc6 Ne8 46. Bc2
Rxd6 47. Rdxd6 Nxd6 48. Bxg6 fxg6 49. Rxd6 Rb4 50. Kf2 e4 51. fxe4 1/2-1/2

[Event "Tradewise Gibraltar Masters 16th"]
[Site "Gibraltar"]
[Date "2018.01.23"]
[Round "1.33"]
[White "Perez, Flavio"]
[Black "Oparin, Grigoriy"]
[Result "0-1"]
[WhiteElo "2279"]
[BlackElo "2607"]
[PlyCount "30"]
[EventDate "2018.01.23"]
[EventType "swiss"]
[EventRounds "10"]
[EventCountry "GGB"]
[SourceTitle "BritBase"]
[Source "www.saund.co.uk"]
[SourceDate "2018.02.10"]
[SourceVersion "1"]
[SourceVersionDate "2018.02.10"]
[SourceQuality "1"]

1. e4 e5 2. Nf3 Nc6 3. Bc4 Nf6 4. d3 Be7 5. O-O O-O 6. Nc3 d6 7. a3 Bg4 8. Be3
Kh8 9. h3 Bh5 10. g4 Nxg4 11. hxg4 Bxg4 12. Nb1 Qd7 13. Nbd2 f5 14. exf5 d5 15.
Bb3 Rxf5 0-1

[Event "Tradewise Gibraltar Masters 16th"]
[Site "Gibraltar"]
[Date "2018.01.23"]
[Round "1.34"]
[White "Papp, Gabor"]
[Black "Bergstrom, Rolf"]
[Result "1-0"]
[WhiteElo "2607"]
[BlackElo "2276"]
[PlyCount "73"]
[EventDate "2018.01.23"]
[EventType "swiss"]
[EventRounds "10"]
[EventCountry "GGB"]
[SourceTitle "BritBase"]
[Source "www.saund.co.uk"]
[SourceDate "2018.02.10"]
[SourceVersion "1"]
[SourceVersionDate "2018.02.10"]
[SourceQuality "1"]

1. e4 d6 2. d4 Nf6 3. Nc3 e5 4. Nf3 Nbd7 5. Bc4 Be7 6. a4 O-O 7. O-O exd4 8.
Nxd4 Ne5 9. Ba2 Nc6 10. h3 Nb4 11. Bb3 c6 12. Re1 d5 13. exd5 Nbxd5 14. Nxd5
Nxd5 15. Bxd5 cxd5 16. Bf4 a6 17. Qf3 Qb6 18. c3 Bf6 19. a5 Qd8 20. Be5 Be7 21.
Qg3 g6 22. Bc7 Qd7 23. Re3 Bc5 24. Rae1 Qa4 25. b3 Qa3 26. b4 Ba7 27. Bd6 Bd7
28. Bxf8 Rxf8 29. Qc7 Bxd4 30. cxd4 Qa4 31. Qxb7 Bb5 32. Qe7 Qc2 33. h4 Qd2 34.
Qf6 Qxb4 35. h5 Qxa5 36. h6 Qd8 37. Qg7# 1-0

[Event "Tradewise Gibraltar Masters 16th"]
[Site "Gibraltar"]
[Date "2018.01.23"]
[Round "1.35"]
[White "Bliumberg, Vladislav"]
[Black "Bindrich, Falko"]
[Result "1/2-1/2"]
[WhiteElo "2276"]
[BlackElo "2605"]
[PlyCount "144"]
[EventDate "2018.01.23"]
[EventType "swiss"]
[EventRounds "10"]
[EventCountry "GGB"]
[SourceTitle "BritBase"]
[Source "www.saund.co.uk"]
[SourceDate "2018.02.10"]
[SourceVersion "1"]
[SourceVersionDate "2018.02.10"]
[SourceQuality "1"]

1. d4 Nf6 2. Bg5 d5 3. Bxf6 exf6 4. e3 Bd6 5. c4 dxc4 6. Bxc4 O-O 7. Nc3 Nd7 8.
Nf3 f5 9. O-O Nf6 10. Qc2 c6 11. Rfe1 g6 12. a3 Qe7 13. e4 fxe4 14. Nxe4 Nxe4
15. Qxe4 Qxe4 16. Rxe4 Bf5 17. Ree1 Rad8 18. h3 Kg7 19. Rad1 h6 20. Bd3 Be6 21.
Bc2 Bc7 22. Ne5 Rd6 23. Nd3 Rxd4 24. Nc5 Rxd1 25. Nxe6+ fxe6 26. Rxd1 Rf7 27.
Kf1 Bb6 28. f3 Kf6 29. Ke2 g5 30. Kd3 e5 31. Ke4 Bd4 32. b4 Ke7 33. Kd3 Kd6 34.
Kc4 Rc7 35. a4 b5+ 36. Kd3 a6 37. Bb3 c5 38. bxc5+ Rxc5 39. Ke4 bxa4 40. Bxa4
Ra5 41. Be8 Ra2 42. Rc1 Rxg2 43. Rc6+ Ke7 44. Bh5 a5 45. Rxh6 a4 46. Ra6 Ra2
47. Bg4 a3 48. Be6 Re2+ 49. Kf5 e4 50. fxe4 Rf2+ 51. Kxg5 Rf6 52. Rxa3 Rxe6 53.
Kf5 Rf6+ 54. Kg5 Rf1 55. Rd3 Be5 56. Rb3 Ke6 57. Rb6+ Bd6 58. h4 Rg1+ 59. Kh6
Ke5 60. h5 Bf8+ 61. Kh7 Kxe4 62. Rf6 Bc5 63. h6 Bd4 64. Rg6 Ra1 65. Rg4+ Kd5
66. Rxd4+ Kxd4 67. Kg7 Rg1+ 68. Kf7 Rh1 69. Kg7 Ke5 70. h7 Rg1+ 71. Kf7 Rh1 72.
Kg7 Rxh7+ 1/2-1/2

[Event "Tradewise Gibraltar Masters 16th"]
[Site "Gibraltar"]
[Date "2018.01.23"]
[Round "1.36"]
[White "Svane, Rasmus"]
[Black "Heinemann, Josefine"]
[Result "1-0"]
[WhiteElo "2595"]
[BlackElo "2270"]
[PlyCount "53"]
[EventDate "2018.01.23"]
[EventType "swiss"]
[EventRounds "10"]
[EventCountry "GGB"]
[SourceTitle "BritBase"]
[Source "www.saund.co.uk"]
[SourceDate "2018.02.10"]
[SourceVersion "1"]
[SourceVersionDate "2018.02.10"]
[SourceQuality "1"]

1. Nf3 d5 2. d4 Nf6 3. c4 e6 4. Nc3 Be7 5. Bf4 O-O 6. e3 b6 7. Rc1 Bb7 8. cxd5
Nxd5 9. Nxd5 Qxd5 10. a3 c5 11. Bc4 Qd8 12. O-O Nc6 13. dxc5 bxc5 14. Qc2 Qb6
15. Bd3 h6 16. Rfd1 Rfd8 17. Nd2 Na5 18. b4 cxb4 19. Bc7 Qc6 20. Qxc6 Nxc6 21.
Bxd8 Rxd8 22. Be4 Rc8 23. axb4 Bxb4 24. Nb3 a5 25. Rd7 f5 26. Rxb7 fxe4 27. Nd4
1-0

[Event "Tradewise Gibraltar Masters 16th"]
[Site "Gibraltar"]
[Date "2018.01.23"]
[Round "1.37"]
[White "Mohota, Nisha"]
[Black "Gopal, Geetha Narayanan"]
[Result "1/2-1/2"]
[WhiteElo "2269"]
[BlackElo "2593"]
[PlyCount "68"]
[EventDate "2018.01.23"]
[EventType "swiss"]
[EventRounds "10"]
[EventCountry "GGB"]
[SourceTitle "BritBase"]
[Source "www.saund.co.uk"]
[SourceDate "2018.02.10"]
[SourceVersion "1"]
[SourceVersionDate "2018.02.10"]
[SourceQuality "1"]

1. d4 Nf6 2. c4 g6 3. g3 Bg7 4. Bg2 d5 5. cxd5 Nxd5 6. Nf3 Nb6 7. Nc3 Nc6 8. e3
O-O 9. O-O Re8 10. Re1 a5 11. Nb5 a4 12. Bd2 e5 13. dxe5 Nxe5 14. Nxe5 Bxe5 15.
Bc3 Qe7 16. Rc1 c6 17. Bxe5 Qxe5 18. Nd6 Rf8 19. Nxc8 Rfxc8 20. Qc2 Rd8 21.
Red1 Kg7 22. Rd2 Qf6 23. h4 h5 24. Rcd1 Rxd2 25. Rxd2 Ra5 26. Rd4 Qe5 27. Re4
Rc5 28. Qd2 Qf6 29. Rb4 Rb5 30. Bf1 Rxb4 31. Qxb4 c5 32. Qb5 Qd6 33. Bg2 Qc7
34. Qa5 c4 1/2-1/2

[Event "Tradewise Gibraltar Masters 16th"]
[Site "Gibraltar"]
[Date "2018.01.23"]
[Round "1.38"]
[White "Antipov, Mikhail Al"]
[Black "Schwartz, Ylon"]
[Result "1-0"]
[WhiteElo "2588"]
[BlackElo "2267"]
[PlyCount "33"]
[EventDate "2018.01.23"]
[EventType "swiss"]
[EventRounds "10"]
[EventCountry "GGB"]
[SourceTitle "BritBase"]
[Source "www.saund.co.uk"]
[SourceDate "2018.02.10"]
[SourceVersion "1"]
[SourceVersionDate "2018.02.10"]
[SourceQuality "1"]

1. e4 c5 2. Nf3 e6 3. d4 cxd4 4. Nxd4 Nf6 5. Nc3 d6 6. g4 h6 7. g5 hxg5 8. Bxg5
a6 9. f4 Qc7 10. Qd2 Nbd7 11. O-O-O b5 12. Bg2 Bb7 13. Rhe1 Rxh2 14. Nd5 Qc4
15. Re3 Nxe4 16. Nxe6 fxe6 17. Bxe4 1-0

[Event "Tradewise Gibraltar Masters 16th"]
[Site "Gibraltar"]
[Date "2018.01.23"]
[Round "1.39"]
[White "Antova, Gabriela"]
[Black "Buhmann, Rainer"]
[Result "0-1"]
[WhiteElo "2260"]
[BlackElo "2587"]
[PlyCount "70"]
[EventDate "2018.01.23"]
[EventType "swiss"]
[EventRounds "10"]
[EventCountry "GGB"]
[SourceTitle "BritBase"]
[Source "www.saund.co.uk"]
[SourceDate "2018.02.10"]
[SourceVersion "1"]
[SourceVersionDate "2018.02.10"]
[SourceQuality "1"]

1. d4 d5 2. Nf3 Nf6 3. c4 e6 4. Nc3 Be7 5. e3 O-O 6. Bd3 b6 7. O-O Bb7 8. Qe2
Nbd7 9. b3 a6 10. Bb2 Ne4 11. Rac1 Bd6 12. Rfd1 Qe7 13. Nd2 f5 14. Nf1 Qh4 15.
f3 Ng5 16. cxd5 exd5 17. Qe1 Qh6 18. Ne2 Rae8 19. Qd2 g6 20. Bc3 Ne6 21. Bb4 c5
22. Ba3 f4 23. exf4 Nxf4 24. Neg3 Qg5 25. dxc5 Nxc5 26. Bc4 Re6 27. Re1 Rfe8
28. Rxe6 Rxe6 29. b4 dxc4 30. bxc5 Bxc5+ 31. Bxc5 Qxc5+ 32. Kh1 Nd3 33. Rc2 Qd4
34. h3 b5 35. Qg5 Qf6 0-1

[Event "Tradewise Gibraltar Masters 16th"]
[Site "Gibraltar"]
[Date "2018.01.23"]
[Round "1.40"]
[White "Huschenbeth, Niclas"]
[Black "Meszaros, Andras"]
[Result "1-0"]
[WhiteElo "2587"]
[BlackElo "2258"]
[PlyCount "108"]
[EventDate "2018.01.23"]
[EventType "swiss"]
[EventRounds "10"]
[EventCountry "GGB"]
[SourceTitle "BritBase"]
[Source "www.saund.co.uk"]
[SourceDate "2018.02.10"]
[SourceVersion "1"]
[SourceVersionDate "2018.02.10"]
[SourceQuality "1"]

1. e4 d6 2. d4 Nf6 3. Nc3 e5 4. Nf3 exd4 5. Nxd4 Be7 6. Bf4 O-O 7. Qd2 Nc6 8.
O-O-O Nxd4 9. Qxd4 Be6 10. Be2 a6 11. f3 b5 12. Qd2 b4 13. Nd5 Bxd5 14. exd5
Nd7 15. Qxb4 Bf6 16. c3 a5 17. Qc4 a4 18. Bd3 Ra5 19. Rhe1 Ne5 20. Qe4 g6 21.
Bh6 Bg5+ 22. Bxg5 Qxg5+ 23. f4 Nxd3+ 24. Rxd3 Qf6 25. g3 Rfa8 26. Qd4 Kg7 27.
c4 Rb8 28. Kc2 Ra6 29. Qxf6+ Kxf6 30. Rde3 c6 31. dxc6 Rxc6 32. Rc3 Rbc8 33.
Kd3 h5 34. Re2 R6c7 35. Kd4 Kf5 36. b4 axb3 37. axb3 Rb8 38. Kd5 Rb6 39. Re8
Rc5+ 40. Kd4 Rc7 41. Rd8 Ra7 42. b4 Ra2 43. h4 Kg4 44. b5 Rg2 45. Rd7 Rd2+ 46.
Rd3 Rxd3+ 47. Kxd3 Kxg3 48. Ke4 Kxh4 49. Rxf7 g5 50. f5 g4 51. Rg7 Kg3 52. f6
d5+ 53. Kf5 dxc4 54. f7 Rxb5+ 1-0

[Event "Tradewise Gibraltar Masters 16th"]
[Site "Gibraltar"]
[Date "2018.01.23"]
[Round "1.41"]
[White "Yoo, Christopher Woojin"]
[Black "Donchenko, Alexander"]
[Result "0-1"]
[WhiteElo "2254"]
[BlackElo "2580"]
[PlyCount "148"]
[EventDate "2018.01.23"]
[EventType "swiss"]
[EventRounds "10"]
[EventCountry "GGB"]
[SourceTitle "BritBase"]
[Source "www.saund.co.uk"]
[SourceDate "2018.02.10"]
[SourceVersion "1"]
[SourceVersionDate "2018.02.10"]
[SourceQuality "1"]

1. e4 c5 2. Nf3 d6 3. d4 cxd4 4. Nxd4 Nf6 5. Nc3 a6 6. f3 e5 7. Nb3 Be6 8. Be3
h5 9. Qd2 Nbd7 10. Nd5 Bxd5 11. exd5 g6 12. Be2 Bg7 13. Na5 Qc7 14. Rc1 b6 15.
Nc6 Nxd5 16. Qxd5 Nf6 17. Qb3 Qxc6 18. Qxb6 Qxb6 19. Bxb6 Ke7 20. Ba5 Nd5 21.
Bd2 Bh6 22. Bxh6 Rxh6 23. Kf2 Rhh8 24. Bc4 Nb6 25. Bd3 Na4 26. b3 Nc3 27. a4 f5
28. Rhe1 Kf6 29. Re3 d5 30. Bxf5 d4 31. Rxc3 dxc3 32. Bd3 a5 33. Re1 Rhd8 34.
Re3 Rd4 35. Ke1 Rad8 36. Be2 Rc8 37. Bd3 Rh4 38. h3 Rd4 39. Kf2 Rc5 40. Ke1 h4
41. Kf2 Kg5 42. g3 Kh5 43. gxh4 Kxh4 44. Bxg6 Rd2+ 45. Re2 Kxh3 46. Bf5+ Kh4
47. Be4 Rc8 48. Ke3 Rxe2+ 49. Kxe2 Rd8 50. Ke3 Kg5 51. Bd3 Kf6 52. Be4 Ke6 53.
Bh7 Rd2 54. b4 axb4 55. Bg8+ Kd6 56. Bb3 Rd4 57. Ke2 Kc5 58. Ke3 Kb6 59. Ke2
Ka5 60. Ke3 Rd1 61. Ke2 Ra1 62. Ke3 Rxa4 63. Ke4 Ra3 64. Kd3 Rxb3 65. cxb3 Kb5
66. Kc2 Kc5 67. Kd3 Kd5 68. Ke3 Ke6 69. Kd3 Kf6 70. Ke3 Kf5 71. Kd3 Kf4 72. Ke2
c2 73. Kd2 Kxf3 74. Kxc2 e4 0-1